Kluby Premier League 2024/25 - Statystyki

Ogólne statystyki
  • Ten quiz został rozwiązany 50 razy
  • Średni wynik to 14 z 20
Statystyki odpowiedzi
nr nazwa % Poprawnych
2. Arsenal
97%
3. Manchester City
97%
15. Manchester United
97%
1. Liverpool
94%
17. Tottenham Hotspur
90%
4. Chelsea
84%
6. Aston Villa
81%
14. West Ham United
77%
16. Wolverhampton Wanderers
74%
8. Brighton & Hove Albion
71%
13. Everton FC
68%
5. Newcastle United
68%
18. Leicester City
61%
10. Brentford FC
58%
12. Crystal Palace
58%
7. Nottingham Forest
58%
20. Southampton
58%
11. FC Fulham
55%
9. AFC Bournemouth
52%
19. Ipswich Town
45%
Nie znaleziono quizów pasujących do podanych kryteriów
Rozkład punktacji
Procent ludzi z każdym wynikiem
Percentyl według liczby udzielonych odpowiedzi
Twoja historia wyników
Nie rozwiązałeś tego quizu